ბათუმის შოთა რუსთაველის სახელმწიფო უნივერსიტეტის ბიბლიოთეკა

The mechanics of soils and foundations / (ბიბ.ჩანაწერი № 50355)

000 -LEADER
fixed length control field 00665nam a2200217Ia 4500
001 - CONTROL NUMBER
control field 17296
003 - CONTROL NUMBER IDENTIFIER
control field GE_BSU
005 - DATE AND TIME OF LATEST TRANSACTION
control field 20200212141653.0
008 - FIXED-LENGTH DATA ELEMENTS--GENERAL INFORMATION
fixed length control field 181216s2007 xx |||||||||||||| ||eng||
020 ## - INTERNATIONAL STANDARD BOOK NUMBER
International Standard Book Number 978020301283
040 ## - CATALOGING SOURCE
Transcribing agency GE_BSU
080 ## - UNIVERSAL DECIMAL CLASSIFICATION NUMBER
Universal Decimal Classification number 624.1/5 A-90
100 ## - MAIN ENTRY--PERSONAL NAME
Personal name Atkinson, John
9 (RLIN) 7002
245 #4 - TITLE STATEMENT
Title The mechanics of soils and foundations /
Statement of responsibility, etc. John Atkinson.
264 ## - PRODUCTION, PUBLICATION, DISTRIBUTION, MANUFACTURE, AND COPYRIGHT NOTICE
Place of production, publication, distribution, manufacture London ; New York :
Name of producer, publisher, distributor, manufacturer Taylor & Francis,
Date of production, publication, distribution, manufacture, or copyright notice 2007.
300 ## - PHYSICAL DESCRIPTION
Extent xxxi, 442 p,
Other physical details ll .:
Dimensions 25 cm.
653 ## - INDEX TERM--UNCONTROLLED
keyword Soil mechanics. Foundations. Slopes (Soil mechanics)
653 ## - INDEX TERM--UNCONTROLLED
keyword The mechanics of soils and foundations
653 ## - INDEX TERM--UNCONTROLLED
keyword ინჟინერია
942 ## - ADDED ENTRY ELEMENTS (KOHA)
Koha item type წიგნი
Source of classification or shelving scheme
ეგზემპლარები
Withdrawn status Lost status Source of classification or shelving scheme Damaged status Not for loan Permanent Location Current Location Shelving location Date acquired Full call number Barcode Date last seen Copy number Price effective from Koha item type
          ბათუმის შოთა რუსთაველის სახელმწიფო უნივერსიტეტის მთავარი ბიბლიოთეკა ტექნოლოგიური ფაკულტეტის ბიბლიოთეკა წიგნსაცავი 2018-12-17 624.1/5 A-90 45445 2018-12-17 45445 2018-12-17 წიგნი